Cappadoce (Record no. 16531)

MARC details
000 -LEADER
fixed length control field 00443nam a2200181 4500
008 - FIXED-LENGTH DATA ELEMENTS--GENERAL INFORMATION
fixed length control field b xx# fre u
020 ## - INTERNATIONAL STANDARD BOOK NUMBER
International Standard Book Number 975733412X
020 ## - INTERNATIONAL STANDARD BOOK NUMBER
International Standard Book Number 9789757334125
040 ## - CATALOGING SOURCE
Original cataloging agency LB-BrCRDP
082 ## - DEWEY DECIMAL CLASSIFICATION NUMBER
Classification number 372.9/DEM
100 1# - MAIN ENTRY--PERSONAL NAME
Personal name Demir,Omer
130 0# - MAIN ENTRY--UNIFORM TITLE
Language of a work FR
245 10 - TITLE STATEMENT
Title Cappadoce
Remainder of title Le berceau de l'histoire
Statement of responsibility, etc. Omer Demir
300 ## - PHYSICAL DESCRIPTION
Extent 95p.;
Dimensions 26cm
500 ## - GENERAL NOTE
General note Histoire
942 ## - ADDED ENTRY ELEMENTS (KOHA)
Koha item type Books
Holdings
Withdrawn status Lost status Source of classification or shelving scheme Damaged status Not for loan Home library Current library Shelving location Date acquired Total Checkouts Full call number Date last seen Price effective from Koha item type
    Dewey Decimal Classification     مكتب الاعداد والتدريب - الدكوانه مكتب الاعداد والتدريب - الدكوانه Standard Shelving Location 07/28/2016   372.9 DEM 07/28/2016 07/28/2016 Books